Bourdelle et la Grèce : les sources antiques de l' oeuvre de Bourdelle

Αποθηκεύτηκε σε:
Λεπτομέρειες βιβλιογραφικής εγγραφής
Κύριος συγγραφέας: Λαμπράκη-Πλάκα, Μαρίνα, 1939-
Μορφή: Βιβλίο
Γλώσσα:French
Greek
Δημοσίευση: Αθήναι : Ακαδημία Αθηνών, 1985.
Θέματα:
Ετικέτες: Προσθήκη ετικέτας
Δεν υπάρχουν, Καταχωρήστε ετικέτα πρώτοι!

MARC

LEADER 00000cam a2200000 i 4500
001 1/29095
008 060509s1985 gr | ||| |||| ||fre||
035 |l 10083815 
040 |a GR-MyUa  |b gre  |e AACR2 
041 0 |a fre  |a gre 
082 7 |a 700.92   |2 (22) 
100 1 |a Λαμπράκη-Πλάκα, Μαρίνα,   |d 1939- 
245 1 0 |a Bourdelle et la Grèce :   |b les sources antiques de l' oeuvre de Bourdelle /  |c Marina Lambraki-Plaka.  
260 |a Αθήναι :   |b Ακαδημία Αθηνών,   |c 1985.  
300 |a 264 σ., [133] φύλλα με πίνακες :   |b εικ. ;   |c 29 εκ. 
504 |a Περιλαμβάνει βιβλιογραφικές παραπομπές: σ.([209]-216) και ευρετήριο. 
600 1 0 |a Bourdelle, Emile Antoine,  |d 1861-1929. 
650 0 |a Sculpture, Greek  |x Influence. 
852 |a INST  |b SYROS  |e 20060509  |h 700.92 BOU  |p 005500004877  |q 005500004877  |t BK  |y 0 
901 |a BIBL5-2006-2 
970 |a Κοντού  |b Παρασκευή  |z 09/05/2006